McGraw-Hill handbook of English grammar and usage
Whether your skills need drastic improvement or a quick brush-up, The McGraw-Hill Handbook of English Grammar and Usage will get your grammar back on the right track with: Straightforward explanations of common mistakes and why they happen. Hundreds of correct and incorrect sentence examples, with e...
Đã lưu trong:
| 主要作者: | |
|---|---|
| 格式: | 圖書 |
| 語言: | Undetermined |
| 出版: |
New York
McGraw-Hill
2013.
|
| 主題: | |
| 標簽: |
添加標簽
沒有標簽, 成為第一個標記此記錄!
|
| Thư viện lưu trữ: | Trung tâm Học liệu Trường Đại học Cần Thơ |
|---|
| LEADER | 00981nam a2200193Ia 4500 | ||
|---|---|---|---|
| 001 | CTU_225995 | ||
| 008 | 210402s9999 xx 000 0 und d | ||
| 082 | |a 425 | ||
| 082 | |b L642 | ||
| 100 | |a Lester, Mark | ||
| 245 | 0 | |a McGraw-Hill handbook of English grammar and usage | |
| 245 | 0 | |c Mark Lester, Larry Beason | |
| 260 | |a New York | ||
| 260 | |b McGraw-Hill | ||
| 260 | |c 2013. | ||
| 520 | |a Whether your skills need drastic improvement or a quick brush-up, The McGraw-Hill Handbook of English Grammar and Usage will get your grammar back on the right track with: Straightforward explanations of common mistakes and why they happen. Hundreds of correct and incorrect sentence examples, with errors clearly marked. Quick tips for fixing your most stubborn grammatical mishaps. Catchy memory aids for writing correctly the first time. | ||
| 650 | |a Tiếng Anh,English language | ||
| 650 | |x Ngữ pháp,Grammar | ||
| 980 | |a Trung tâm Học liệu Trường Đại học Cần Thơ | ||